| 000 | 00378nam a22001217a 4500 | ||
|---|---|---|---|
| 999 |
_c15231 _d15231 |
||
| 008 | 200306b ||||| |||| 00| 0 eng d | ||
| 100 |
_942023 _aMateo, Janvic. |
||
| 245 |
_aDepEd monitor technology use in public school/ _cJanvic Mateo. |
||
| 260 |
_aPhilippines; _bThe Philippine Star, _c©2019. |
||
| 300 |
_apage 12; _c29.5cm. |
||
| 650 |
_aTechnology. _942024 |
||
| 942 |
_2ddc _cPER |
||